000 00798nam a22002057a 4500
999 _c8828
_d8828
003 AR-CdUCM
008 190326b ||||| |||| 00| 0 spa d
040 _aMUNICIPALIDAD PROVINCIAL DEL CUSCO
_cBIBLIOTECA MUNICIPAL DEL CUSCO
082 _a869.2 /
_bB64
100 _aBlanco Amor, José
_924586
245 _aEncuentros y desencuentros :
_bEnsayos literarios /
260 _aBuenos Aires :
_bLosada,
_c1969.
300 _a167 paginas ;
_c20 cm.
505 _aContenido : La novela argentina de hoy y el país real -- La universidad hispanica de Alfonso Reyes -- Unas cuantas utopías sobre el 12 de octubre --Lope de Vega, hombre existencial...
650 _aNovela
_9572
650 _aLiteratura Argentina
_984
650 _aLiteratura hispánica
_95828
942 _2ddc
_cLIBROS
945 _awnts